| 000 | 01129nac a22002771u 4500 | ||
|---|---|---|---|
| 010 | _a 2006278968 | ||
| 020 | _a9780321357960 | ||
| 020 | _a0321357965 | ||
| 082 |
_a658.1599 _bEIT |
||
| 090 |
_c8721 _d8721 |
||
| 100 | _aEiteman, David K. | ||
| 245 | 1 | 0 |
_aMultinational business finance / _bDavid K. Eiteman, Arthur I. Stonehill, Michael H. Moffett. |
| 250 |
_a11th ed. _bPearson International ed. |
||
| 260 |
_aBoston, MA : _bPearson/Addison-Wesley, _cc2007. |
||
| 300 |
_axxi, 746, 72 p. : _bill., maps ; _c24 cm. |
||
| 490 | 0 | _aThe Addison-Wesley series in finance | |
| 500 | _aDistributer: Baccah. | ||
| 504 | _aIncludes bibliographical references and indexes. | ||
| 511 | _aCatalogued By: Mahitab. | ||
| 650 | 0 |
_aInternational business enterprises _xFinance. |
|
| 700 | 1 | _aStonehill, Arthur I. | |
| 700 | 1 | _aMoffett, Michael H. | |
| 856 | 4 | 1 |
_3Table of contents only _uhttp://www.loc.gov/catdir/toc/fy0612/2006278968.html |
| 942 |
_cBB _k658.1599 EIT |
||
| 999 |
_c8721 _d8721 |
||